000 00309nam a2200133Ia 4500
008 150201s2004 xx 000 0 und d
082 _a616.07
_bP04D
100 _aDATTA,B.N.
245 _aTB OF PATHOLOGY
250 _a2ND
260 _bJAYPEE BROTHERS
_aDELHI
_c2004
650 _aPATHOLOGY
942 _2ddc
_cBK
999 _c1228
_d1228